Landkreise und Stadtkreise in Baden-Württemberg - Statistiken

Allgemein
  • Dieses Quiz wurde 10.796 mal gespielt
  • Das Durchschnittsergebnis liegt bei 29 aus 44
Antworten auf der Karte
Die Antworten werden auf der Karte rot bzw. grün angezeigt, abhängig davon wie oft sie richtig erraten wurden.
 
Antwortstatistiken
Einwohner Kreis Kreisart % Korrekt
634.830 Stuttgart Stadtkreis
98%
230.241 Freiburg im Breisgau Stadtkreis
95%
444.232 Karlsruhe Landkreis
92%
313.092 Karlsruhe Stadtkreis
92%
309.370 Mannheim Stadtkreis
92%
126.329 Ulm Stadtkreis
92%
285.325 Konstanz Landkreis
88%
132.472 Heidelberg Stadtkreis
87%
216.227 Bodenseekreis Landkreis
86%
343.068 Heilbronn Landkreis
81%
125.960 Heilbronn Stadtkreis
81%
55.123 Baden-Baden Stadtkreis
80%
227.331 Tübingen Landkreis
78%
125.542 Pforzheim Stadtkreis
77%
286.748 Reutlingen Landkreis
73%
533.859 Esslingen Landkreis
70%
543.984 Ludwigsburg Landkreis
70%
284.285 Ravensburg Landkreis
70%
391.640 Böblingen Landkreis
66%
228.639 Lörrach Landkreis
66%
429.479 Ortenaukreis Landkreis
65%
132.472 Heidenheim Landkreis
62%
314.002 Ostalbkreis Landkreis
61%
212.381 Schwarzwald-Baar-Kreis Landkreis
61%
231.018 Rastatt Landkreis
59%
195.861 Schwäbisch Hall Landkreis
59%
158.397 Calw Landkreis
58%
140.152 Tuttlingen Landkreis
58%
262.795 Breisgau-Hochschwarzwald Landkreis
57%
257.253 Göppingen Landkreis
55%
547.625 Rhein-Neckar-Kreis Landkreis
55%
130.873 Sigmaringen Landkreis
55%
199.742 Biberach Landkreis
54%
198.905 Enzkreis Landkreis
52%
426.158 Rems-Murr-Kreis Landkreis
52%
139.455 Rottweil Landkreis
52%
117.935 Freudenstadt Landkreis
51%
188.935 Zollernalbkreis Landkreis
49%
132.321 Main-Tauber-Kreis Landkreis
48%
165.383 Emmendingen Landkreis
47%
170.619 Waldshut Landkreis
47%
143.535 Neckar-Odenwald-Kreis Landkreis
45%
196.047 Alb-Donau-Kreis Landkreis
44%
112.010 Hohenlohekreis Landkreis
43%
Keine übereinstimmenden Quizze gefunden
Verteilung der Resultate
Anzahl Personen mit jedem Resultat
Perzentil nach korrekt beantworteten Fragen
Ihre Resultats-Entwicklung
Sie haben dieses Quiz noch nicht gespielt